Najważniejsze polskie partie polityczne w XXI wieku - Statystyki

Ogólne statystyki
  • Ten quiz został rozwiązany 937 razy
    88 od ostatniego zresetowania
  • Średni wynik to 11 z 16
Statystyki odpowiedzi
Wybory parlamentarne 5%+ Wybory do Europarlamentu 5%+ Najbardziej rozpoznawalny polityk Odpowiedź % Poprawnych
2001, 2005, 2007, 2011, 2015, 2019, 2023 2004, 2009, 2014, 2019, 2024 Donald Tusk Platforma Obywatelska
100%
2001, 2005, 2007, 2011, 2015, 2019, 2023 2004, 2009, 2014, 2019, 2024 Jarosław Kaczyński Prawo i Sprawiedliwość
100%
2001, 2005, 2007, 2011, 2015, 2019 2004, 2009, 2014 Waldemar Pawlak / Władysław Kosiniak-Kamysz Polskie Stronnictwo Ludowe
92%
2001, 2005, 2007, 2011, 2015, 2019 2004, 2009, 2014 Aleksander Kwaśniewski / Leszek Miller Sojusz Lewicy Demokratycznej
84%
2019, 2023 2024 Janusz Korwin-Mikke / Krzysztof Bosak Konfederacja Wolność i Niepodległość
78%
2001, 2005 2004 Andrzej Lepper Samoobrona Rzeczpospolitej Polskiej
76%
2015 - Paweł Kukiz Kukiz'15
71%
2023 2024 Włodzimierz Czarzasty Lewica
71%
2001, 2005 2004 Roman Giertych Liga Polskich Rodzin
66%
2023 2024 Szymon Hołownia / Władysław Kosiniak-Kamysz Trzecia Droga
63%
2011 - Janusz Palikot Ruch Palikota
62%
2015 - Ryszard Petru .Nowoczesna
58%
- 2019 Robert Biedroń Wiosna
53%
- 2004 Leszek Balcerowicz Unia Wolności
35%
- 2004 Marek Borowski Socjaldemokracja Polska
22%
- 2014 Janusz Korwin-Mikke Kongres Nowej Prawicy
20%
Nie znaleziono quizów pasujących do podanych kryteriów
Rozkład punktacji
Procent ludzi z każdym wynikiem
Percentyl według liczby udzielonych odpowiedzi
Twoja historia wyników
Nie rozwiązałeś tego quizu od ostatniego zresetowania